| 000 | 01365cam a2200337 a 4500 | ||
|---|---|---|---|
| 001 | 2127632 | ||
| 003 | OSt | ||
| 005 | 20180117085945.0 | ||
| 008 | 971117s1997 dcua b 000 0 eng | ||
| 010 | _a 97050069 | ||
| 020 | _a0821341642 (pbk.) | ||
| 040 |
_aDLC _cDLC _dDLC |
||
| 043 | _ae-pl--- | ||
| 050 | 0 | 0 |
_aHN537.5 _b.C5 1997 |
| 082 | 0 | 0 |
_a307.1/412/09438 _221 |
| 100 | 1 |
_aChristensen, Garry, _d1953- |
|
| 245 | 1 | 0 |
_aCompetitiveness and employment : _ba framework for rural development in Poland / _cGarry Christensen, Richard Lacroix. |
| 260 |
_aWashington, D.C. : _bWorld Bank, _cc1997. |
||
| 300 |
_aviii, 55 p. : _bill. ; _c28 cm. |
||
| 490 | 1 |
_aWorld Bank discussion paper, _x0259-210X ; _vno. 383 |
|
| 504 | _aIncludes bibliographical references (p. 55). | ||
| 650 | 0 |
_aRural development _zPoland. |
|
| 650 | 0 |
_aAgriculture _xEconomic aspects _zPoland. |
|
| 651 | 0 |
_aPoland _xRural conditions. |
|
| 700 | 1 |
_aLacroix, Richard L. J., _d1938- |
|
| 830 | 0 |
_aWorld Bank discussion papers ; _v383. |
|
| 906 |
_a7 _bcbc _corignew _d1 _eocip _f19 _gy-gencatlg |
||
| 942 |
_2ddc _cBK |
||
| 999 |
_c2614 _d2614 |
||